01186cam a22003014a 4500999001700000001000900017005001700026008004100043010001700084020001500101040001800116042000800134050002300142100002900165245016300194260007100357300007200428504005100500650001300551650001800564650003300582650004700615700002200662700002000684700002300704942003400727952012300761 c22952d229521360157620170125112314.0040521s2005 njua b 001 0 eng  a 2004050550 a0133981991 aDLCcDLCdDLC apcc00aLB1573b.K333 20051 aKasten, Wendy C.,d1951-10aLiving literature :busing children's literature to support reading and language arts /cWendy C. Kasten, Janice V. Kristo, Amy A. McClure, Abigail Garthwait. aUpper Saddle River, N.J. :bPearson/Merrill/Prentice Hall,cc2005. axiii, 402 p. :bill. (chiefly col.) ;c25 cm.e1 CD-ROM (4 3/4 in.) aIncludes bibliographical references and index. 0aReading. 0aLanguage arts 0aChildrenxBooks and reading. 0aChildren's literaturexStudy and teaching.1 aKristo, Janice V.1 aMcClure, Amy A.1 aGarthwait, Abigail 2lcccBOOKShLB1573 .K333 2005 00102lcc4070aMUCbMUCcTECHd2017-01-25eDonation(BFA)l0oLB1573 .K333 2005p31520r2018-07-24w2017-01-25yBOOKS